000 00883cam a22002897a 4500
999 _c8235
_d8235
003 OSt
005 20201007102712.0
008 080729s2009 sz a b 000 0 eng
010 _a 2008934152
016 7 _a014692392
_2Uk
020 _a9783764388737 (pbk.)
082 0 4 _a690.0684
_222
100 1 _aBielefeld, Bert.
240 1 0 _aTerminplanung.
_lEnglish
245 1 0 _aConstruction scheduling /
_cBert Bielefeld.
260 _aBasel ;
_aBoston :
_bBirkhäuser,
_cc2009.
300 _a83 p. :
_bill. (some col.) ;
_c23 cm.
490 1 _aBasics
504 _aIncludes bibliographical references.
650 0 _aConstruction projects
_xManagement.
650 0 _aBuilding
_xSuperintendence.
650 0 _aProduction scheduling.
650 7 _aBauablauf
_xTerminplanung.
_2swd
650 7 _aTerminplanung
_xBauablauf.
_2swd
830 0 _aBasics (Basel, Switzerland)
942 _2ddc